Munich (Registro nro. 167550)

Detalles MARC
000 -ENCABEZADO
Número de control [NR] 01684nam a22002897a 4500
005 - FECHA Y HORA DE LA ÚLTIMA TRANSACCIÓN
control field 20170608110958.0
008 - DE LONGITUD FIJA DE DATOS DE ELEMENTOS - INFORMACIÓN GENERAL
Elementos de longitud fija [NR] 130802s2005 xxu g 000 0 eng
040 ## - FUENTE DE CATALOGACION [NR]
Agencia de catalogación original [NR] CO-BoUCM
Quien Cataloga
Quien Clasifica Aldemar Mondragón
092 ## - SIGNATURA TOPOGRAFICA LOCAL
Número de clasificación local DVD 1262
041 ## - CODIGO DE IDIOMA [R]
Código de idioma para texto/pista de sonido o título separado [R] Inglés
245 00 - MENCION DE TITULO [NR]
Título [NR] Munich
Medio físico [NR] [DVD]
Mención de responsabilidad, etc. [NR] Steven Spielberg, director
260 ## - PUBLICACION, DISTRIBUCION, ETC. (PIE DE IMPRENTA) [R]
Lugar de publicación, distribución, etc. [R] [Washington]
Nombre del editor, distribuidor, etc. [R] Universal Pictures
Fecha de publicación, distribución, etc. [R] 2005
300 ## - DESCRIPCION FISICA [R]
Extensión [R] 1 disco (164 min.)
Otros detalles físicos [NR] sonido, color
500 ## - NOTA GENERAL [R]
Nota general [NR] SIPNOSIS: Basada en hechos reales. Tras el asesinato de varios atletas israelíes por el grupo terrorista palestino "Septiembre Negro" durante los Juegos Olímpicos de Múnich de 1972, un agente especial del Mossad tuvo que ejecutar una misión altamente secreta: asesinar a los responsables
508 ## - NOTA DE CREDITOS DE CREACION/PRODUCCION [R]
Nota de créditos de creación/producción [NR] CREDITOS: Director Steven Spielberg ; Guión Tony Kushner, Eric Roth (Novela: George Jonas) ; Música John Williams ; Fotografía Janusz Kaminski
511 ## - NOTA DE PARTICIPANTE O INTERPRETE [R]
Nota de participante o intérprete [NR] REPARTO: Eric Bana, Daniel Craig, Ciaran Hinds, Mathieu Kassovitz, Hanns Zischler, Geoffrey Rush, Mathieu Amalric, Ayelet Zurer, Michael Lonsdale, Lynn Cohen, Gila Almagor, Marie-Josée Croze, Omar Metwally, Yvan Attal, Valeria Bruni Tedeschi
586 ## - NOTA DE PREMIOS [R]
Nota de premios [NR] 5 nominaciones a los premios Oscar, mejor película
650 #7 - ASIENTO SECUNDARIO DE MATERIA - TERMINO TEMATICO [R]
Término temático o nombre geográfico como elemento de entrada [NR] Genocidio
Subdivisión de forma [R] Dvd
9 (RLIN) 42033
650 #7 - ASIENTO SECUNDARIO DE MATERIA - TERMINO TEMATICO [R]
Término temático o nombre geográfico como elemento de entrada [NR] Terrorismo
Subdivisión geográfica [R] Munich
Subdivisión cronológica [R] 1972
Subdivisión de forma [R] Dvd
9 (RLIN) 42031
650 #7 - ASIENTO SECUNDARIO DE MATERIA - TERMINO TEMATICO [R]
Término temático o nombre geográfico como elemento de entrada [NR] Violencia política
Subdivisión geográfica [R] Israel
Subdivisión de forma [R] Dvd
9 (RLIN) 42032
690 ## - ASUNTO AGREGADO LOCAL DE ENTRADA - TÉRMINO TEMÁTICO (OCLC, RLIN)
Acceso temático local Entretenimiento
700 1# - ASIENTO SECUNDARIO - NOMBRE PERSONAL [R]
Nombre personal [NR] Bana, Eric
9 (RLIN) 41980
700 1# - ASIENTO SECUNDARIO - NOMBRE PERSONAL [R]
Nombre personal [NR] Steven Spielberg
9 (RLIN) 41979
Término de relación [R] director
856 ## - LOCALIZACION Y ACCESO ELECTRONICOS [R]
Nota dirigida al público [R] Ver el trailer
Identificador Uniforme del Recurso (“URI”) [R] <a href="https://www.youtube.com/watch?v=gqX7H1-n10s">https://www.youtube.com/watch?v=gqX7H1-n10s</a>
856 04 - LOCALIZACION Y ACCESO ELECTRONICOS [R]
Identificador Uniforme del Recurso (“URI”) [R] <a href="https://www.youtube.com/watch?v=gqX7H1-n10s">https://www.youtube.com/watch?v=gqX7H1-n10s</a>
Nota dirigida al público [R] Siga este vínculo para ver el trailer.
942 ## - ELEMENTOS DE ENTRADA AGREGADOS (KOHA)
Koha item type Multimedia
Source of classification or shelving scheme LOCAL
Tema principal Entretenimiento
Existencias
Suprimido Perdido Sistema de clasificación Dañado No prestable Tipo de ítem específico Ubicación habitual Ubicación actual Localización Fecha de creación Proveedor Forma de adquisición Costo Signatura topográfica Código de barras Última vez visto Ejemplar Costo de reposición Price effective from Tipo de ítem Total préstamos Total Renewals Fecha de último préstamo
    LOCAL     DVD Claustro Claustro Colección digital 02/08/2013   Donación 26000.00 DVD 1262 100134950 21/01/2025 Ej.2   02/08/2013 Multimedia 25 16 05/07/2017
    LOCAL   Préstamo restringido DVD Procesos Técnicos (no para préstamo) Procesos Técnicos (no para préstamo) Procesos Técnicos 27/06/2013 10 Compra 52700.00 DVD 1262 100134724 09/12/2025 Ej.1 52700.00 27/06/2013 Multimedia